000 01028nam a2200265 a 4500
001 81243
003 BD-RjUL
005 20230216101906.0
008 230218s1837 fr 000 0 ara d
035 _a(BD-RjUL)81243
040 _aTAU
_beng
_cBD-RjUL
041 0 _aara
082 _223
_a930.005
_bABM 1837
090 _a297.92
100 1 _aابو الفداء، اسمعيل بن علي،Abu al-Fida, Ismael bin Ali,
_d1273-1331
_97025
245 1 0 _aمن كتاب المختصر في اخبار البشر /min kitab almukhtasar fi akhbar albashar /
_cby Abi Al Feda Ismail تأليف ابي الفدا اسماعيل
246 3 1 _aالمختصر في اخبار البشر
260 _aباريز :
_bدار الطباعة الملكية،
_c١٨٣٧
300 _a١٢٠، 160 ص
_c23 cm
500 _aللكتاب عنوان آخر بالفرنسية
500 _aالكتاب بالعربية والفرنسية
600 0 4 _aMuhammad,
_cProphet,
_d-632.
650 4 _aHistory, Ancient
_97026
942 _2ddc
_cBK
999 _c81243
_d81243